[Event "COL-ch Superate Intercol U14"]
[Site "Barranquilla"]
[Date "2018.11.21"]
[Round "6.6"]
[White "Nunez Molina, Jorge Enrique"]
[Black "Ahumada Herrera, Juan Sebastian"]
[Result "0-1"]
[WhiteElo "1364"]
[BlackElo "1490"]
[PlyCount "166"]
[EventDate "2018.11.19"]
[EventType "swiss"]
[EventRounds "7"]
[EventCountry "COL"]
[SourceTitle "EXT 2024"]
[Source "ChessBase"]
[SourceDate "2023.10.10"]
[SourceVersion "1"]
[SourceVersionDate "2023.10.10"]
[SourceQuality "1"]

1. e4 c5 2. Nf3 d6 3. Bc4 e6 4. Nc3 a6 5. a3 b5 6. Ba2 Bb7 7. 0-0 Nf6 8. d3 Nc6 9. Ne2 g6 10. Ng3 Bg7 11. Bg5 Qc7 12. Bxf6 Bxf6 13. c3 0-0 14. Re1 Rac8 15. Rc1 Qb6 16. Qd2 Rfd8 17. b4 Rc7 18. Qe3 a5 19. bxc5 Qxc5 20. Qxc5 dxc5 21. e5 Bg7 22. d4 cxd4 23. cxd4 Rcd7 24. Rc5 b4 25. axb4 Bf8 26. Ne4 Nxb4 27. Nf6+ Kg7 28. Nxd7 Bxc5 29. Nxc5 Bxf3 30. gxf3 Nxa2 31. Nb7 Rxd4 32. Nxa5 Nb4 33. Re4 Rxe4 34. fxe4 Nd3 35. Nc4 Kh6 36. Kg2 Kg5 37. Kg3 h5 38. h4+ Kh6 39. f4 Kg7 40. Nd6 Nc5 41. Kf3 Nd3 42. Ne8+ Kf8 43. Nf6 Ne1+ 44. Kg3 Nd3 45. Nd7+ Kg7 46. Nb6 Nc5 47. Kf3 Nd3 48. Nc4 Ne1+ 49. Kg3 Nd3 50. Ne3 Nc5 51. Kf3 Nd3 52. Nc2 Kf8 53. Ke3 Nc5 54. Nd4 Nd7 55. Nb3 Ke7 56. Kd4 Nb6 57. Nc5 Nd7 58. Na4 Nb8 59. Kc5 Na6+ 60. Kb5 Nb8 61. Nc5 Nd7 62. Nb7 f6 63. exf6+ Nxf6 64. e5 Nd5 65. Kc6 Nxf4 66. Kc7 Nd3 67. Na5 Nxe5 68. Nc6+ Nxc6 69. Kxc6 Kf6 70. Kc5 Kf5 71. Kd4 Kf4 72. Kd3 e5 73. Ke2 Ke4 74. Kf2 Kd3 75. Kf3 e4+ 76. Kf4 e3 77. Kg5 e2 78. Kxg6 e1Q 79. Kxh5 Qe5+ 80. Kg6 Qg3+ 81. Kh5 Ke4 82. Kh6 Kf5 83. Kh7 Kf6 0-1